<?xml version="1.0" encoding="UTF-8"?>
<collection xmlns="http://www.loc.gov/MARC21/slim">
<record>
  <controlfield tag="001">165147</controlfield>
  <controlfield tag="005">20251212165958.0</controlfield>
  <datafield tag="024" ind1="7" ind2=" ">
    <subfield code="2">doi</subfield>
    <subfield code="a">10.55422/bbmp.1060</subfield>
  </datafield>
  <datafield tag="024" ind1="8" ind2=" ">
    <subfield code="2">sideral</subfield>
    <subfield code="a">146620</subfield>
  </datafield>
  <datafield tag="037" ind1=" " ind2=" ">
    <subfield code="a">ART-2025-146620</subfield>
  </datafield>
  <datafield tag="041" ind1=" " ind2=" ">
    <subfield code="a">spa</subfield>
  </datafield>
  <datafield tag="100" ind1=" " ind2=" ">
    <subfield code="a">Viñuales Sánchez, Antonio</subfield>
    <subfield code="u">Universidad de Zaragoza</subfield>
    <subfield code="0">(orcid)0000-0002-0201-5973</subfield>
  </datafield>
  <datafield tag="245" ind1=" " ind2=" ">
    <subfield code="a">El simbolismo del subsuelo en el cine hispánico reciente: figuras, géneros y raíces literarias</subfield>
  </datafield>
  <datafield tag="260" ind1=" " ind2=" ">
    <subfield code="c">2025</subfield>
  </datafield>
  <datafield tag="520" ind1="3" ind2=" ">
    <subfield code="a">El espacio simbólico del subsuelo surge en el Neolítico, época en la que nuestra especie funda su supervivencia en valores como la tierra natal y el trabajo agrícola. En el cuento oral maravilloso, el subsuelo es el espacio mágico para representar el misterio del crecimiento y la regeneración de la vida, fusionándose con el viaje y la metamorfosis. El simbolismo moderno, una respuesta artístico-cultural a la búsqueda de nuevos valores para una nueva supervivencia, renueva este espacio y le dispensa tratamientos divergentes. En el cine de consumo, lo subterráneo adquiere un carácter traumatizado y desequilibrado que persigue provocar terror y explorar los bajos fondos. En el cine para la reflexión, se asocia a otros símbolos modernos como educación, crisis, ciudad infernal, andrógino y hombre del subsuelo, adquiriendo sentidos complejos como la imposibilidad moral de la vida urbana, la necesidad de educación, la resurrección y la verdad revelada. Proponemos explicar el sentido del viaje del simbolismo subterráneo, desde lo verbal-ancestral a lo moderno-audiovisual, mediante ejemplos de películas del cine hispánico reciente</subfield>
  </datafield>
  <datafield tag="506" ind1="0" ind2=" ">
    <subfield code="a">Access copy available to the general public</subfield>
    <subfield code="f">Unrestricted</subfield>
  </datafield>
  <datafield tag="540" ind1=" " ind2=" ">
    <subfield code="9">info:eu-repo/semantics/openAccess</subfield>
    <subfield code="a">by-nc</subfield>
    <subfield code="u">https://creativecommons.org/licenses/by-nc/4.0/deed.es</subfield>
  </datafield>
  <datafield tag="655" ind1=" " ind2="4">
    <subfield code="a">info:eu-repo/semantics/article</subfield>
    <subfield code="v">info:eu-repo/semantics/publishedVersion</subfield>
  </datafield>
  <datafield tag="710" ind1="2" ind2=" ">
    <subfield code="1">4013</subfield>
    <subfield code="2">195</subfield>
    <subfield code="a">Universidad de Zaragoza</subfield>
    <subfield code="b">Dpto. Didácticas Específicas</subfield>
    <subfield code="c">Área Didáctica Lengua y Liter.</subfield>
  </datafield>
  <datafield tag="773" ind1=" " ind2=" ">
    <subfield code="g">101, 3 (2025), 371-396</subfield>
    <subfield code="p">Bol. Bibl. Menéndez Pelayo</subfield>
    <subfield code="t">Boletín de la Biblioteca de Menéndez Pelayo</subfield>
    <subfield code="x">0006-1646</subfield>
  </datafield>
  <datafield tag="856" ind1="4" ind2=" ">
    <subfield code="s">236995</subfield>
    <subfield code="u">http://zaguan.unizar.es/record/165147/files/texto_completo.pdf</subfield>
    <subfield code="y">Versión publicada</subfield>
  </datafield>
  <datafield tag="856" ind1="4" ind2=" ">
    <subfield code="s">1127857</subfield>
    <subfield code="u">http://zaguan.unizar.es/record/165147/files/texto_completo.jpg?subformat=icon</subfield>
    <subfield code="x">icon</subfield>
    <subfield code="y">Versión publicada</subfield>
  </datafield>
  <datafield tag="909" ind1="C" ind2="O">
    <subfield code="o">oai:zaguan.unizar.es:165147</subfield>
    <subfield code="p">articulos</subfield>
    <subfield code="p">driver</subfield>
  </datafield>
  <datafield tag="951" ind1=" " ind2=" ">
    <subfield code="a">2025-12-12-14:43:47</subfield>
  </datafield>
  <datafield tag="980" ind1=" " ind2=" ">
    <subfield code="a">ARTICLE</subfield>
  </datafield>
</record>
</collection>